000 00409 a2200109 4500
001 ART_37958
005 20260410161751.0
008 260409a
245 1 0 _aRegresa el ajuste por inflación en el impuesto a las ganancias y se aleja la acción penal por evasión para quienes lo apliquen
100 1 _aSequeira, Marcos A.
773 0 _tDoctrina tributaria
_g- Nº 427 (oct. 2015)
_wREV4296
999 _c19655
_d19655